02459nam a22005177a 4500003000400000005001700004007000300021008004100024040002500065041000800090082002300098100005500121240002700176245009500203260004300298300004500341490006100386500003700447500002900484500004400513505003900557505005900596505003800655505004800693505004300741505007600784505005000860505005200910505004600962505006401008505006001072505006101132505004501193505008301238505006801321505006501389505011901454505005901573590002801632650004201660830006801702910000801770942001401778952013201792999001701924OSt20240710123701.0ta201110n rd acd||ri||| 001 0dspa d aDO-SdBNPbspacBNPHU hspa 4a972.93 bM385m2221 aMartínez Almanzar, Juan Franciscod1950 -910459 a[Historia dominicana.]10aManual de historia crítica dominicana (1492-1965) /cJuan Franciso Martínez Almánzar aSanto Domingo :bCAIS ,bDEA ,c[s.f.] a558 p. ; bil., mapas, retrs. : c20 cm. aCentro de adiestramiento e investigación social (CAIS)0 aContiene citas bibliográficas.0 aContiene bibliografía.0 aContiene datos biográficos del autor.10aTema I :tPrehistoria e historia.-10aTema II :tSituación de Europa del descubrimiento.- 10aTema III:tLa sociedad aborigen.-10aTema IV :tEl descubrimiento de América.-10aTema V :tConquista y colonización.-10aTema VI :tColón y las anulaciones de la capitulaciones de Santa Fe.-10aTema VII :tEl régimen de las encomiendas.-10aTema VIII :tInicio de la industria azucarera.-10aTema IX :tLa española de 1520 a 1550.-10aTema X :tLa española en la segunda mitad del siglo XVI.-10aTema XI :tLa Isla de Santo Domingo en el siglo XVIII.-10aTema XII :tLa isla de Santo Domingo en el siglo XVIII.-10aTema XIII :tLa revolución haitiana.-10aTema XIV :tLa dominación francesa y española a principios del siglo XIX.-10aTema XV :tUnificación política de la isla y separación.-10aTema XVI :tLos inicios de la primera república.-Tema XVII10aTema XVII :tEl caudillismos y la situación de la naciente república durante su primer período (1844-1861).-10aTemas XVIII : tAnexión y guerra de restauración.- aInventariado, 2021 / DG4 aRepública DominicanaxHistoria9416 aCentro de adiestramiento e investigación social (CAIS)978665 aD/G 2ddccLBS1 00102ddc51708PDaBNPHUbBNPHUcHDd2020-11-10eDonado por FUNDIoBNPHU PD 972.93 M385mp49118r2020-11-10w2020-11-10yLBS1 c49118d49118